[Event "Caro-Kann Blitz"]
[Site "SchemingMind.com"]
[Date "2007.12.19"]
[Round "-"]
[White "Daniel Reboredo"]
[Black "badbishop"]
[Result "0-1"]
[WhiteCountry "ARG"]
[BlackCountry "POL"]
[WhiteElo "1837"]
[WhiteRD "85"]
[BlackElo "2236"]
[BlackRD "69"]
[GameID "134146"]

1. e4 c6 2. d4 d5 3. exd5 cxd5 4. Bd3 Nc6 5. c3 Nf6 6. Nf3 Bg4 7. Bf4 e6 8. Nbd2 Be7 9. O-O O-O 10. Qb3 Qc8
11. Ne5 Nxe5 12. Bxe5 Bh5 13. Qc2 Bg6 14. Bxg6 hxg6 15. Qd3 Nd7 16. Bg3 Qc6 17. Nf3 Bf6 18. Rfe1 b5 19. Ne5 Bxe5 20. Bxe5 a5
21. h3 Rfc8 22. Bf4 Nb6 23. Rad1 Qc4 24. Qxc4 Rxc4 25. Bd2 Rc6 26. Kf1 Nc4 27. Bc1 b4 28. Ke2 bxc3 29. bxc3 Rb8 30. Kd3 Rb1
31. Re2 Rcb6 32. Rde1 Ra1 33. Be3 Rxe1 34. Rxe1 Rb2 35. Re2 Rb1 36. g3 Kf8 37. h4 Ke7 38. Bf4 a4 39. Kc2 Ra1 40. Kd3 a3
41. Kc2 Rxa2+
0-1

[Event "Caro-Kann Blitz"]
[Site "SchemingMind.com"]
[Date "2007.12.19"]
[Round "-"]
[White "ZbynioG"]
[Black "badbishop"]
[Result "0-1"]
[WhiteCountry "POL"]
[BlackCountry "POL"]
[WhiteElo "2090"]
[WhiteRD "78"]
[BlackElo "2236"]
[BlackRD "69"]
[GameID "134147"]

1. e4 c6 2. d4 d5 3. e5 Bf5 4. Nc3 e6 5. g4 Bg6 6. Nge2 c5 7. Be3 cxd4 8. Nxd4 Bb4 9. Qd2 Ne7 10. Bb5+ Nbc6
11. a3 Qa5 12. Rb1 Bxc3 13. Qxc3 Qxc3+ 14. bxc3 O-O 15. Nxc6 Nxc6 16. Bxc6 bxc6 17. Kd2 Rfc8 18. Rb7 c5 19. Rhb1= h6 20. f3 d4
21. Bf2 d3 22. cxd3 Rd8 23. Rc1= Rxd3+ 24. Ke2 Rd5 25. f4 Rad8 26. Be3 Be4 27. c4 Rd3 28. Rxa7= Rb8 29. Rd1 Rb2+ 30. Rd2 Rbxd2+
31. Bxd2 Rh3 32. Be3 Bf3+ 33. Kf2 Bxg4 34. Bxc5 h5 35. Be7 Rxh2+ 36. Kg3 Rh1 37. c5= Rh3+ 38. Kg2= Rc3 39. a4 Bf3+ 40. Kh2 Kh7
41. a5 Kg6 42. a6 Kf5 43. Bd6 Kg4 44. Rxf7 Rc2+ 45. Kg1 Kg3 46. Rxg7+ Bg4 47. Rxg4+ hxg4
0-1

[Event "Caro-Kann Blitz"]
[Site "SchemingMind.com"]
[Date "2007.12.19"]
[Round "-"]
[White "jedeve"]
[Black "badbishop"]
[Result "0-1"]
[WhiteCountry "NED"]
[BlackCountry "POL"]
[WhiteElo "1614"]
[WhiteRD "83"]
[BlackElo "2236"]
[BlackRD "69"]
[GameID "134148"]

1. e4 c6 2. d4 d5 3. exd5 cxd5 4. Nc3 Nc6 5. Bb5 Nf6 6. Nf3 Bg4 7. h3 Bxf3 8. Qxf3 e6 9. O-O Be7 10. Bg5 O-O
11. Rfe1 Nxd4 12. Qd3 Nxb5 13. Qxb5 Qc7 14. Rad1 a6 15. Qb3 Rac8 16. Re2 b5 17. a3 Qc4 18. Qxc4 Rxc4 19. Rd3 Rfc8 20. Kf1 h6
21. Bxf6 Bxf6 22. Na2 Rxc2 23. Nb4 Rc1+ 24. Re1 a5 25. Na2 Rxe1+ 26. Kxe1 Rc2 27. Rb3 Rxb2
0-1

[Event "Caro-Kann Blitz"]
[Site "SchemingMind.com"]
[Date "2007.12.19"]
[Round "-"]
[White "Negrito19"]
[Black "Shaka"]
[Result "1-0"]
[WhiteCountry "ARG"]
[BlackCountry "VEN"]
[WhiteElo "1629"]
[WhiteRD "66"]
[BlackElo "1713"]
[BlackRD "70"]
[GameID "134169"]

1. e4 c6 2. d4 d5 3. exd5 cxd5 4. c4 Nf6 5. Nc3 e6 6. Bg5 Be7 7. Nf3 Nc6 8. cxd5 Nxd5 9. Bxe7 Ncxe7 10. Bc4 O-O
11. O-O a6 12. Qc2 b5 13. Bd3 Ng6 14. Ne5 Nb4 15. Qe2 Nxe5 16. Bxh7+ Kxh7 17. Qxe5 Qh4 18. g3 Qh3 19. Qe4+ Kg8 20. Qxa8 Bd7
21. Qg2 Qf5 22. a3 Bc6 23. f3 Nc2 24. Rac1 Ne3 25. g4 Qh7 26. Qf2 Nxf1 27. Rxf1 f5 28. g5 f4 29. h4 Rf5 30. Ne4 Bxe4
31. fxe4 Rf8 32. Re1 Qh5 33. Kh2 f3 34. Kg3 Kh7 35. Re3
1-0

[Event "Caro-Kann Blitz"]
[Site "SchemingMind.com"]
[Date "2007.12.19"]
[Round "-"]
[White "Negrito19"]
[Black "fouche"]
[Result "0-1"]
[WhiteCountry "ARG"]
[BlackCountry "COL"]
[WhiteElo "1629"]
[WhiteRD "66"]
[BlackElo "1668"]
[BlackRD "63"]
[GameID "134170"]

1. e4 c6 2. d4 d5 3. exd5 cxd5 4. c4 Nf6 5. Nc3 e6 6. Bg5 dxc4 7. Bxc4 Be7 8. Nf3 O-O 9. Qc2 Bd7 10. Bd3 a6
11. Bxf6 Bxf6 12. Bxh7+ Kh8 13. h4 Bc6 14. O-O-O Nd7 15. Be4 Bxe4 16. Qxe4 b5 17. d5 exd5 18. Nxd5 Rc8+ 19. Kb1 Re8 20. Qg4 Ne5
21. Nxe5 Rxe5 22. Ne3 Qc7 23. Rc1 Rc5 24. Rxc5 Qxc5 25. h5 Bd4 26. Qe2 Bxe3 27. fxe3 a5 28. g4 b4 29. b3 a4 30. Qb2 a3
31. Qd2 Qe5 32. Rh2 Rc3 33. Re2 Qe4+ 34. Ka1 Qxg4 35. Kb1 Qe4+ 36. Ka1 Rd3 37. Qc2 Qe5+ 38. Kb1 Qe4 39. Rd2 Rxe3 40. Rd8+ Kh7
41. Qxe4+ Rxe4 42. Rf8 Rf4 43. Kc2 Kh6 44. Rh8+ Kg5 45. Kd3 Rh4 46. Rh7 Rxh5 47. Rxh5+ Kxh5 48. Kc4 g5 49. Kxb4 g4 50. Kxa3 g3
51. b4 g2 52. b5 g1=Q 53. Ka4 Qb6 54. Kb4 Kg5 55. a4 Kf5 56. a5 Qd4+ 57. Ka3 Ke5 58. b6 Kd6 59. b7 Qc5+ 60. Ka4 Qc6+
61. Kb4 Qxb7+ 62. Ka4 Kc5 63. a6 Qb4#
0-1

[Event "Caro-Kann Blitz"]
[Site "SchemingMind.com"]
[Date "2007.12.19"]
[Round "-"]
[White "Negrito19"]
[Black "Daniel Reboredo"]
[Result "0-1"]
[WhiteCountry "ARG"]
[BlackCountry "ARG"]
[WhiteElo "1629"]
[WhiteRD "66"]
[BlackElo "1846"]
[BlackRD "89"]
[GameID "134173"]

1. e4 c6 2. d4 d5 3. exd5 cxd5 4. c4 dxc4 5. Bxc4 Qc7 6. b3 e6 7. Nf3 Nf6 8. Bg5 Be7 9. O-O O-O 10. Nc3 a6
11. Qc2 h6 12. Bxf6 Bxf6 13. Bd3 Nc6 14. Ne4 Qd8 15. Rad1 Bxd4 16. Nc5 Qf6 17. Bh7+ Kh8 18. Ne4 Qf4 19. Nxd4 Nxd4 20. Rxd4 f5
21. f3 Qe3+ 22. Qf2 Qxf2+ 23. Nxf2 Kxh7 24. Nd3 Kg6 25. h4 Kf6 26. Rd6 Ke7 27. Rb6 Rd8 28. Nf4 Rd6 29. Ng6+ Kd7 30. Ne5+ Kc7
31. Rb4 Bd7 32. Rc1+ Bc6 33. Nc4 Rd4 34. a3 Rxh4 35. g3 Rd4 36. Kf2 a5 37. Ke3 Rdd8 38. Rb6 Bd5 39. Rb5 Bxc4 40. Rxc4+ Kb8
41. Rc6 Re8 42. Rcb6 Ra7 43. Kf4 Kc7 44. Ke5 g5 45. Rd6 Ra6 46. Rc5+ Rc6
0-1

[Event "Caro-Kann Blitz"]
[Site "SchemingMind.com"]
[Date "2007.12.19"]
[Round "-"]
[White "mmccaffe"]
[Black "Negrito19"]
[Result "1-0"]
[WhiteCountry "USA"]
[BlackCountry "ARG"]
[WhiteElo "1576"]
[WhiteRD "52"]
[BlackElo "1610"]
[BlackRD "63"]
[GameID "134185"]

1. e4 c6 2. d4 d5 3. exd5 cxd5 4. Bd3 Nf6 5. c3 e6 6. Bg5 Be7 7. Nf3 Nc6 8. O-O h6 9. Bf4 g5 10. Be3 Qc7
11. Nbd2 Bd7 12. Qc2 Bd6 13. g3 O-O-O 14. c4 g4 15. Ne1 Nb4 16. Qc3 a5 17. c5 Be7 18. a3 Nxd3 19. Qxd3 Kb8 20. Nc2 e5
21. b4 Ba4 22. f4 gxf3 23. dxe5 Qxe5 24. Bf4 Qxf4 25. gxf4 Rhg8+ 26. Kh1 Ne4 27. Nxe4 dxe4 28. Qxe4 Bc6 29. Qe5+ Ka8 30. Rf2 Bh4
31. Raf1 Bxf2 32. Rxf2 Rge8 33. Qxe8 Rxe8 34. bxa5 Rd8 35. h3 h5 36. Nb4 Be4 37. a6 bxa6 38. Nxa6 Rd2 39. Kg1= Rd3 40. Ra2 Rd1+
41. Kf2 h4 42. a4 Rh1 43. Rd2
1-0